[Event "BL 1819 SV Hockenheim - SG Solingen"]
[Site "?"]
[Date "2018.12.15"]
[Round "5.3"]
[White "Van Wely, Loek"]
[Black "Cheparinov, Ivan"]
[Result "1/2-1/2"]
[WhiteElo "2625"]
[BlackElo "2709"]
[PlyCount "81"]
[EventDate "2018.??.??"]

1. Nf3 d5 2. d4 Nf6 3. c4 e6 4. g3 Be7 5. Bg2 O-O 6. O-O dxc4 7. Qc2 b6 8. Bg5
Nd5 9. Bxe7 Qxe7 10. Nbd2 b5 11. b3 c3 12. Ne4 b4 13. a3 Nc6 14. axb4 Ncxb4 15.
Qc1 Ba6 16. Re1 c2 17. Qd2 Bb5 18. Nc5 a5 19. Ne5 c6 20. Be4 Rfd8 21. Bxc2 f6
22. Nf3 e5 23. Be4 exd4 24. Qxd4 Nc7 25. Qe3 g6 26. Qc3 f5 27. Bb1 Bxe2 28. Nd4
Nb5 29. Nxb5 cxb5 30. Bd3 Rd5 31. Bxb5 Qxc5 32. Qxc5 Rxc5 33. Bxe2 Kf8 34. Red1
Ke7 35. Bc4 Re5 36. f4 Re4 37. Rd2 Ra7 38. Bb5 Re3 39. Bc4 Re4 40. Bb5 Re3 41.
Bc4 1/2-1/2

[Event "BL 1819 SV Hockenheim - SG Solingen"]
[Site "?"]
[Date "2018.12.15"]
[Round "5.4"]
[White "Fedoseev, Vladimir"]
[Black "L'Ami, Erwin"]
[Result "1-0"]
[WhiteElo "2719"]
[BlackElo "2642"]
[PlyCount "145"]
[EventDate "2018.??.??"]

1. e4 e5 2. Nf3 Nc6 3. Bb5 Nf6 4. d3 Bc5 5. Bxc6 dxc6 6. Qe2 Qe7 7. a3 Nd7 8.
Be3 Bxe3 9. fxe3 Nf8 10. Nbd2 Ng6 11. O-O-O Be6 12. Qf2 O-O-O 13. Qg3 f6 14. h4
h5 15. Qxg6 Bg4 16. Nxe5 Qxe5 17. Nf3 Qe7 18. e5 Rde8 19. Rdf1 fxe5 20. Ng5 Rh6
21. Qf7 Rf6 22. Qxe7 Rxe7 23. Kd2 b6 24. Ne4 Rff7 25. Ng5 Rf6 26. Rxf6 gxf6 27.
Ne4 f5 28. Ng5 Kd7 29. Rf1 Re8 30. g3 a5 31. b4 axb4 32. axb4 Ra8 33. Kc3 Kd6
34. Kb3 Ke7 35. Kb2 Kd6 36. Nf7+ Ke6 37. Ng5+ Kd6 38. e4 Rf8 39. Nh7 Rf7 40.
Ng5 Rf8 41. exf5 Rxf5 42. Ra1 Rf8 43. Re1 Rf5 44. c4 Kd7 45. Kc3 Kd6 46. Ra1
Rf8 47. Ne4+ Kd7 48. Ra2 Ke6 49. c5 b5 50. Ng5+ Ke7 51. Ra7 Kd7 52. Ra1 Rf2 53.
Re1 Rf5 54. Re3 Ke7 55. d4 Kf6 56. Kd3 Bd1 57. Kd2 Bg4 58. Ke1 exd4 59. Re6+
Kg7 60. Rxc6 Re5+ 61. Kd2 Re7 62. Kd3 Bd7 63. Ra6 Re3+ 64. Kxd4 Rxg3 65. Ra7
Rg4+ 66. Ke5 Rxh4 67. Rxc7 Kg6 68. Nf3 Rh3 69. Rxd7 Rxf3 70. c6 Rc3 71. c7 h4
72. Kd6 h3 73. Rd8 1-0

[Event "BL 1819 SV Hockenheim - SG Solingen"]
[Site "?"]
[Date "2018.12.15"]
[Round "5.5"]
[White "Predojevic, Borki"]
[Black "Saric, Ivan"]
[Result "1/2-1/2"]
[WhiteElo "2620"]
[BlackElo "2695"]
[PlyCount "53"]
[EventDate "2018.??.??"]

1. e4 c6 2. d4 d5 3. Nc3 dxe4 4. Nxe4 Bf5 5. Ng3 Bg6 6. h4 h6 7. Nf3 e6 8. Ne5
Bh7 9. Bd3 Bxd3 10. Qxd3 Nd7 11. f4 Be7 12. Bd2 Nxe5 13. fxe5 Bxh4 14. O-O-O
Bxg3 15. Qxg3 Ne7 16. Qxg7 Rg8 17. Qxh6 Qd5 18. Kb1 O-O-O 19. Qf6 Rxg2 20. Bc3
Nf5 21. Rh7 Ne3 22. Qxf7 Rd7 23. Qf8+ Rd8 24. Qe7 Rd7 25. Qe8+ Rd8 26. Qe7 Rd7
27. Qe8+ 1/2-1/2

[Event "BL 1819 SV Hockenheim - SG Solingen"]
[Site "?"]
[Date "2018.12.15"]
[Round "5.6"]
[White "Buhmann, Rainer"]
[Black "Tari, Aryan"]
[Result "1/2-1/2"]
[WhiteElo "2576"]
[BlackElo "2620"]
[PlyCount "44"]
[EventDate "2018.??.??"]

1. Nf3 Nf6 2. c4 c5 3. Nc3 d5 4. cxd5 Nxd5 5. d4 Nxc3 6. bxc3 g6 7. e3 Bg7 8.
Bb5+ Bd7 9. Bd3 O-O 10. O-O Qc7 11. Qe2 Rd8 12. Rb1 e6 13. e4 Nc6 14. Bg5 Re8
15. Qe3 Rac8 16. h4 e5 17. d5 Nd8 18. Nd2 f6 19. Bh6 Bxh6 20. Qxh6 a6 21. c4
Nf7 22. Qe3 f5 1/2-1/2

[Event "BL 1819 SV Hockenheim - SG Solingen"]
[Site "?"]
[Date "2018.12.15"]
[Round "5.7"]
[White "Andersen, Mads"]
[Black "Wagner, Dennis"]
[Result "1/2-1/2"]
[WhiteElo "2605"]
[BlackElo "2576"]
[PlyCount "47"]
[EventDate "2018.??.??"]

1. c4 c5 2. Nf3 Nc6 3. Nc3 g6 4. e3 Nf6 5. d4 cxd4 6. exd4 d5 7. cxd5 Nxd5 8.
Qb3 e6 9. Bb5 Bg7 10. O-O O-O 11. Bxc6 bxc6 12. Na4 Qd6 13. Re1 Rb8 14. Qd1 Ne7
15. b3 Nf5 16. Bb2 Rd8 17. Qc2 Nxd4 18. Bxd4 Bxd4 19. Rad1 e5 20. Nxe5 c5 21.
Nxc5 Bf5 22. Qc4 Qxc5 23. Qxf7+ Kh8 24. Qf6+ 1/2-1/2

[Event "BL 1819 SV Hockenheim - SG Solingen"]
[Site "?"]
[Date "2018.12.15"]
[Round "5.8"]
[White "Banusz, Tamas"]
[Black "Naumann, Alexander"]
[Result "1/2-1/2"]
[WhiteElo "2612"]
[BlackElo "2533"]
[PlyCount "65"]
[EventDate "2018.??.??"]

1. Nf3 d5 2. d4 Nf6 3. c4 e6 4. g3 Bb4+ 5. Bd2 Be7 6. Bg2 O-O 7. O-O c6 8. Qc2
Nbd7 9. Bf4 b6 10. Nc3 dxc4 11. e4 Bb7 12. a4 a5 13. Rad1 h6 14. Rfe1 Bb4 15.
h3 Re8 16. g4 Qe7 17. Re3 Nh7 18. Qe2 Ng5 19. Bxg5 hxg5 20. e5 Bxc3 21. bxc3 c5
22. Qxc4 Rac8 23. Qb5 Bc6 24. Qb3 Bd5 25. Qb2 cxd4 26. cxd4 Rc6 27. Nd2 Bxg2
28. Kxg2 Nf8 29. Ne4 Ng6 30. Nd6 Nf4+ 31. Kh2 Rxd6 32. exd6 Qxd6 33. Qa3
1/2-1/2

[Event "BL 1819 SC Viernheim - Düsseldorfer SK"]
[Site "?"]
[Date "2018.12.15"]
[Round "5.1"]
[White "Miedema, David"]
[Black "Malakhov, Vladimir"]
[Result "0-1"]
[WhiteElo "2369"]
[BlackElo "2658"]
[PlyCount "66"]
[EventDate "2018.??.??"]

1. e4 d6 2. d4 Nf6 3. Nc3 g6 4. f4 Bg7 5. Nf3 O-O 6. e5 dxe5 7. fxe5 Nd5 8. Bc4
Nxc3 9. bxc3 c5 10. O-O Bg4 11. Qd3 Nc6 12. Ng5 e6 13. Qg3 Bf5 14. Rxf5 exf5
15. e6 Bxd4+ 16. Kf1 Be5 17. exf7+ Kh8 18. Bf4 Bxf4 19. Qxf4 Qf6 20. Re1 Qxc3
21. Qh4 h5 22. Qf4 Qd4 23. Ne6 Qxf4+ 24. Nxf4 Kg7 25. Re6 Kh7 26. c3 Rad8 27.
h4 Na5 28. Bd5 Rxf7 29. c4 Nxc4 30. Bxc4 Rd4 31. Nh3 Rxc4 32. Ng5+ Kg7 33. Nxf7
Kxf7 0-1

[Event "BL 1819 SC Viernheim - Düsseldorfer SK"]
[Site "?"]
[Date "2018.12.15"]
[Round "5.2"]
[White "Kryvoruchko, Yuriy"]
[Black "Stark, Lars"]
[Result "1-0"]
[WhiteElo "2687"]
[BlackElo "2374"]
[PlyCount "117"]
[EventDate "2018.??.??"]

1. e4 e5 2. Nf3 Nf6 3. Nxe5 d6 4. Nf3 Nxe4 5. Nc3 Nxc3 6. dxc3 Be7 7. Be3 O-O
8. Qd2 Nd7 9. O-O-O Nf6 10. Bd3 c5 11. Kb1 Be6 12. Ng5 Bd7 13. h4 d5 14. f3 Qa5
15. g4 Rfe8 16. Nh3 Be6 17. a3 d4 18. cxd4 Qxd2 19. Bxd2 Bd5 20. Rhf1 cxd4 21.
Nf4 Bc6 22. Bc4 Rad8 23. Bb4 Bxb4 24. axb4 b5 25. Bb3 Re3 26. g5 Ne8 27. Rd3
Rxd3 28. Nxd3 Bd5 29. Bxd5 Rxd5 30. Re1 Kf8 31. Kc1 Nc7 32. Kd2 Rd6 33. Nf4 Na6
34. Re5 Nxb4 35. Rxb5 Nc6 36. Nd3 h6 37. Rb7 hxg5 38. hxg5 Ke8 39. f4 Rd7 40.
Rb5 f6 41. b4 a5 42. gxf6 gxf6 43. bxa5 Ra7 44. Nb4 Nxb4 45. Rxb4 Rxa5 46. Rxd4
Ke7 47. c4 Ke6 48. Kc3 Ra1 49. c5 Rc1+ 50. Kb4 Rb1+ 51. Ka5 Ra1+ 52. Kb6 Rb1+
53. Kc7 Rc1 54. c6 Rc5 55. Kb7 Rb5+ 56. Kc8 Ke7 57. c7 Rb1 58. Re4+ Kf7 59. f5
1-0

[Event "BL 1819 SC Viernheim - Düsseldorfer SK"]
[Site "?"]
[Date "2018.12.15"]
[Round "5.3"]
[White "De Gleria, Francesco"]
[Black "Amin, Bassem"]
[Result "1/2-1/2"]
[WhiteElo "2382"]
[BlackElo "2710"]
[PlyCount "135"]
[EventDate "2018.??.??"]

1. e4 e5 2. Nf3 Nc6 3. d4 exd4 4. Nxd4 Nf6 5. Nc3 Bb4 6. Nxc6 bxc6 7. Bd3 d5 8.
exd5 cxd5 9. O-O O-O 10. Bg5 c6 11. Qf3 Be7 12. Rfe1 Rb8 13. Rab1 Be6 14. Bf5
Qd7 15. Bxe6 fxe6 16. Qh3 Bc5 17. Rxe6 Bxf2+ 18. Kh1 Rfe8 19. Rxe8+ Rxe8 20.
Qxd7 Nxd7 21. Rf1 Bd4 22. Bd2 Nc5 23. b3 a6 24. Re1 Rf8 25. Ne2 Bf2 26. Rf1 Ne4
27. Be1 Bxe1 28. Rxe1 Re8 29. Kg1 Nc3 30. Kf2 Rf8+ 31. Ke3 Nxa2 32. c3 c5 33.
Ra1 Nxc3 34. Nxc3 d4+ 35. Kd3 dxc3 36. Ra2 c2 37. Rxc2 Rb8 38. Kc3 Kf7 39. Ra2
Rb6 40. Kc4 h5 41. Ra3 Rg6 42. g3 Rf6 43. Kxc5 Kg6 44. Kd4 Kg5 45. Ke3 Kg4 46.
Ra4+ Kh3 47. Rh4+ Kg2 48. Rxh5 Rf3+ 49. Kd2 Rxb3 50. Rg5 Rb7 51. h4 a5 52. Rxa5
Kxg3 53. h5 Re7 54. Rb5 Kh4 55. Ra5 Re4 56. Kd3 Rg4 57. Ke2 Rg5 58. Ra4+ Kxh5
59. Kf3 Rg1 60. Rb4 g5 61. Kf2 Ra1 62. Kg3 Ra3+ 63. Kg2 g4 64. Rb8 g3 65. Rh8+
Kg5 66. Rg8+ Kf5 67. Rxg3 Rxg3+ 68. Kxg3 1/2-1/2

[Event "BL 1819 SC Viernheim - Düsseldorfer SK"]
[Site "?"]
[Date "2018.12.15"]
[Round "5.4"]
[White "Fedorchuk, Sergey A"]
[Black "Coenen, Michael"]
[Result "1-0"]
[WhiteElo "2609"]
[BlackElo "2355"]
[PlyCount "132"]
[EventDate "2018.??.??"]

1. e4 e5 2. Bc4 Nf6 3. d3 Nc6 4. Nf3 Be7 5. O-O O-O 6. Re1 d6 7. c3 Na5 8. Bb5
a6 9. Ba4 b5 10. Bc2 c5 11. Nbd2 Re8 12. Nf1 h6 13. h3 Bf8 14. d4 cxd4 15. cxd4
Bb7 16. d5 Qc7 17. b3 Reb8 18. Be3 Bc8 19. Bd3 b4 20. Bd2 Qb6 21. Ne3 Bd7 22.
Nc2 Nb7 23. Bxb4 a5 24. Ba3 Nc5 25. Bxc5 Qxc5 26. Rc1 Qa7 27. Nd2 g6 28. Nc4 h5
29. Rb1 Ne8 30. a3 Nc7 31. b4 axb4 32. axb4 Ba4 33. Na5 Qb6 34. Qd2 Nb5 35.
Bxb5 Qxb5 36. Nc6 Rb6 37. Ra1 Rba6 38. Na3 Qb7 39. Na5 Qd7 40. Rec1 Be7 41. Rc3
Bd8 42. N3c4 Bb5 43. Rac1 Bxc4 44. Nxc4 Qb5 45. R3c2 Rb8 46. Qh6 Qe8 47. Rb2
Qd7 48. Qd2 Qb5 49. Qc3 Rba8 50. Rcb1 Kh7 51. Rc2 R8a7 52. Qb3 Kg7 53. Kh2 Kh7
54. Qd3 Rb7 55. Rb3 Kg7 56. Qe2 Rba7 57. g3 h4 58. gxh4 Bxh4 59. Qg4 Bd8 60.
Kg2 Ra1 61. Qe2 R7a6 62. Qd3 Qb8 63. b5 R6a2 64. b6 Ra6 65. b7 R1a4 66. Nb2 Rd4
1-0

[Event "BL 1819 SC Viernheim - Düsseldorfer SK"]
[Site "?"]
[Date "2018.12.15"]
[Round "5.5"]
[White "Harff, Marcel"]
[Black "Kovalenko, Igor"]
[Result "0-1"]
[WhiteElo "2403"]
[BlackElo "2657"]
[PlyCount "98"]
[EventDate "2018.??.??"]

1. c4 Nf6 2. Nf3 c6 3. Nc3 d5 4. e3 a6 5. cxd5 cxd5 6. Qa4+ Nc6 7. Ne5 Bd7 8.
Nxd7 Qxd7 9. d4 e6 10. Bd2 Bd6 11. Be2 O-O 12. O-O b5 13. Qd1 Rfc8 14. Rc1 Qd8
15. h3 Nd7 16. Nb1 Nb6 17. b3 Rc7 18. Bc3 Qe7 19. Qd2 Nd7 20. Bd3 f5 21. Rc2
Nf6 22. Rfc1 Rac8 23. Ba5 Nxa5 24. Qxa5 Rxc2 25. Rxc2 Rxc2 26. Bxc2 Qb7 27. Bd3
Kf7 28. Qc3 g5 29. Nd2 b4 30. Qc2 h6 31. Kf1 Ke7 32. Nf3 a5 33. Nd2 h5 34. Ke1
g4 35. hxg4 hxg4 36. f3 Qb6 37. Be2 Bg3+ 38. Kd1 Bf2 39. Qd3 g3 40. Nf1 Qc7 41.
Nd2 Qc3 42. Qxc3 bxc3 43. Nf1 f4 44. Kc2 Nh5 45. exf4 Nxf4 46. Bb5 Nxg2 47.
Kxc3 Nh4 48. Nxg3 Bxg3 49. Be2 Nf5 0-1

[Event "BL 1819 SC Viernheim - Düsseldorfer SK"]
[Site "?"]
[Date "2018.12.15"]
[Round "5.6"]
[White "Libiszewski, Fabien"]
[Black "Kohlweyer, Bernd"]
[Result "1-0"]
[WhiteElo "2481"]
[BlackElo "2341"]
[PlyCount "61"]
[EventDate "2018.??.??"]

1. e4 c5 2. Nc3 Nc6 3. Nf3 g6 4. Bb5 Nd4 5. Bc4 Bg7 6. Nxd4 cxd4 7. Qf3 Nf6 8.
Nb5 d5 9. exd5 O-O 10. Nxd4 e5 11. Ne2 b5 12. Bxb5 Nxd5 13. Bc6 Nb4 14. Be4 Bf5
15. Bxf5 gxf5 16. Qxf5 e4 17. Qxe4 Rb8 18. O-O Re8 19. Qf3 Nxc2 20. Rb1 Qa5 21.
Nc3 Nd4 22. Qd1 Ne6 23. d4 Bxd4 24. Bh6 Qf5 25. Ne2 Bxb2 26. Ng3 Qg6 27. Be3
Rbd8 28. Qa4 Bd4 29. Rb4 Qf6 30. Bxd4 Rxd4 31. Qxe8+ 1-0

[Event "BL 1819 SC Viernheim - Düsseldorfer SK"]
[Site "?"]
[Date "2018.12.15"]
[Round "5.7"]
[White "Hainke, Guntram"]
[Black "Beikert, Guenther"]
[Result "1/2-1/2"]
[WhiteElo "2344"]
[BlackElo "2399"]
[PlyCount "104"]
[EventDate "2018.??.??"]

1. d4 d5 2. c4 c6 3. Nf3 Nf6 4. e3 Bf5 5. Nc3 e6 6. Be2 h6 7. Bd3 Bxd3 8. Qxd3
Nbd7 9. O-O Be7 10. e4 dxe4 11. Nxe4 Nxe4 12. Qxe4 O-O 13. Bf4 Qa5 14. Rfd1
Rad8 15. Qc2 Rfe8 16. a3 b5 17. b4 Qa4 18. Qxa4 bxa4 19. Kf1 f6 20. Re1 Kf7 21.
Re2 Nf8 22. h3 g5 23. Be3 a6 24. Rae1 Rd7 25. Bc1 a5 26. Bd2 axb4 27. axb4 Rb7
28. c5 Bd8 29. Ra1 Ra7 30. Bc3 Bc7 31. Rea2 Rea8 32. d5 exd5 33. Nd4 Be5 34.
Ra3 Bxd4 35. Bxd4 Ne6 36. Bb2 Kg6 37. Re1 Nf8 38. g4 Rb8 39. Rf3 Rf7 40. Bc3 a3
41. Ra1 Ra8 42. Ra2 Ne6 43. Bd2 Rfa7 44. Bc1 Nd4 45. Rfxa3 Rxa3 46. Rxa3 Rxa3
47. Bxa3 f5 48. Bb2 Nb5 49. Ke2 h5 50. f3 hxg4 51. hxg4 fxg4 52. fxg4 Kf7
1/2-1/2

[Event "BL 1819 SC Viernheim - Düsseldorfer SK"]
[Site "?"]
[Date "2018.12.15"]
[Round "5.8"]
[White "Mandel, Andreas"]
[Black "Agrest, Inna"]
[Result "1/2-1/2"]
[WhiteElo "2392"]
[BlackElo "2274"]
[PlyCount "69"]
[EventDate "2018.??.??"]

1. d4 Nf6 2. Nf3 g6 3. c4 Bg7 4. g3 O-O 5. Bg2 d6 6. O-O Nbd7 7. Nc3 a6 8. e4
e5 9. h3 Re8 10. Be3 exd4 11. Nxd4 Ne5 12. b3 Bd7 13. Qc2 Qc8 14. f4 Nc6 15.
Nxc6 bxc6 16. Kh2 Nxe4 17. Nxe4 Bf5 18. Rae1 d5 19. cxd5 cxd5 20. Nf6+ Bxf6 21.
Qc6 Re6 22. Qxd5 c6 23. Qd2 Qc7 24. Qf2 Rae8 25. Bb6 Qc8 26. Rxe6 Qxe6 27. Bd4
h5 28. Bxf6 Qxf6 29. Rc1 Re6 30. Re1 Rxe1 31. Qxe1 Qb2 32. Qe8+ Kg7 33. Qxc6
Qxa2 34. b4 Qb2 35. Qxa6 1/2-1/2

[Event "BL 1819 USV TU Dresden - SV Werder Brem"]
[Site "?"]
[Date "2018.12.15"]
[Round "5.1"]
[White "Fressinet, Laurent"]
[Black "Almasi, Zoltan"]
[Result "1-0"]
[WhiteElo "2650"]
[BlackElo "2689"]
[PlyCount "35"]
[EventDate "2018.??.??"]

1. e4 d6 2. d4 Nf6 3. Nc3 g6 4. Be3 c6 5. Nf3 Bg7 6. Qd2 b5 7. Bd3 Bg4 8. e5 b4
9. Ne4 Nd5 10. Bh6 O-O 11. h4 Bxf3 12. gxf3 dxe5 13. h5 Bh8 14. Ng5 Bf6 15.
Nxh7 Kxh7 16. hxg6+ Kg8 17. g7 Re8 18. O-O-O 1-0

[Event "BL 1819 USV TU Dresden - SV Werder Brem"]
[Site "?"]
[Date "2018.12.15"]
[Round "5.2"]
[White "Nisipeanu, Liviu-Dieter"]
[Black "Areshchenko, Alexander"]
[Result "1/2-1/2"]
[WhiteElo "2682"]
[BlackElo "2656"]
[PlyCount "41"]
[EventDate "2018.??.??"]

1. e4 c5 2. Nf3 d6 3. d4 cxd4 4. Nxd4 Nf6 5. Nc3 a6 6. Be3 e5 7. Nf3 Be7 8. Bc4
O-O 9. O-O Be6 10. Bb3 b5 11. Qd3 Qc8 12. Nh4 Nbd7 13. a4 b4 14. Nd5 Nxd5 15.
exd5 Bg4 16. Nf5 Bxf5 17. Qxf5 g6 18. Qd3 f5 19. f3 a5 20. Rac1 Bf6 21. c3
1/2-1/2

[Event "BL 1819 USV TU Dresden - SV Werder Brem"]
[Site "?"]
[Date "2018.12.15"]
[Round "5.3"]
[White "Efimenko, Zahar"]
[Black "Gajewski, Grzegorz"]
[Result "1/2-1/2"]
[WhiteElo "2638"]
[BlackElo "2598"]
[PlyCount "90"]
[EventDate "2018.??.??"]

1. Nf3 d5 2. g3 c5 3. Bg2 Nf6 4. O-O g6 5. b3 Bg7 6. Bb2 O-O 7. c4 d4 8. b4 Re8
9. d3 e5 10. a3 e4 11. Ne1 Nc6 12. Nd2 e3 13. fxe3 dxe3 14. Ndf3 cxb4 15. axb4
Nxb4 16. Nc2 Nc6 17. Qc1 Bg4 18. Bc3 Rc8 19. Qb2 Qb6 20. Qxb6 axb6 21. Rab1 Nd7
22. Bxg7 Kxg7 23. h3 Bxf3 24. Rxf3 Ra8 25. Rb2 Nc5 26. Rxe3 Rxe3 27. Nxe3 Ra1+
28. Kf2 Na4 29. Rd2 Rb1 30. Nd5 b5 31. Ra2 Nb4 32. Nxb4 Rxb4 33. cxb5 Nc5 34.
Ra5 b6 35. Ra7 Rxb5 36. d4 Nb3 37. d5 Rb4 38. Ke3 Nd4 39. g4 Nb5 40. Rd7 Kf6
41. Be4 Ke5 42. Re7+ Kf6 43. Rd7 Ke5 44. Re7+ Kf6 45. Rd7 Ke5 1/2-1/2

[Event "BL 1819 USV TU Dresden - SV Werder Brem"]
[Site "?"]
[Date "2018.12.15"]
[Round "5.4"]
[White "Bartel, Mateusz"]
[Black "Hracek, Zbynek"]
[Result "1-0"]
[WhiteElo "2600"]
[BlackElo "2568"]
[PlyCount "87"]
[EventDate "2018.??.??"]

1. Nf3 c5 2. e4 d6 3. d4 cxd4 4. Nxd4 Nf6 5. Nc3 a6 6. g3 e5 7. Nde2 Be7 8. Bg2
O-O 9. O-O b5 10. Nd5 Nbd7 11. Nec3 Rb8 12. Be3 b4 13. Nxe7+ Qxe7 14. Nd5 Nxd5
15. Qxd5 Bb7 16. Qd2 Nc5 17. f3 Bc6 18. Rfd1 Rfd8 19. c3 b3 20. Qf2 bxa2 21.
Rxa2 Ba4 22. Rda1 Bb5 23. Bf1 Nb3 24. Rd1 a5 25. Bb6 Rd7 26. Bxb5 Rdb7 27. Bxa5
Rxb5 28. Bb4 Nc5 29. Qd2 R5b6 30. Qd5 g6 31. Ra8 Rxa8 32. Qxa8+ Kg7 33. Qd5 h5
34. Kg2 h4 35. Rd2 Ra6 36. Ba3 hxg3 37. hxg3 Qc7 38. f4 f6 39. fxe5 fxe5 40.
Rf2 Ra4 41. Bxc5 dxc5 42. Qe6 Rxe4 43. Qf6+ Kh6 44. Kf1 1-0

[Event "BL 1819 USV TU Dresden - SV Werder Brem"]
[Site "?"]
[Date "2018.12.15"]
[Round "5.5"]
[White "Nyback, Tomi"]
[Black "Vogel, Roven"]
[Result "0-1"]
[WhiteElo "2577"]
[BlackElo "2462"]
[PlyCount "108"]
[EventDate "2018.??.??"]

1. Nf3 d5 2. d4 Nf6 3. c4 e6 4. Nc3 c6 5. Qd3 Nbd7 6. g3 Bd6 7. Bg2 O-O 8. O-O
dxc4 9. Qxc4 e5 10. Bg5 exd4 11. Qxd4 Be7 12. Rad1 Qb6 13. Qd2 Nc5 14. Qc2 Ne6
15. Be3 Qa5 16. h3 Nc7 17. Bd2 Ncd5 18. Ne4 Qa6 19. Nxf6+ Nxf6 20. e4 h6 21. b3
Qa3 22. Bc3 Re8 23. Ne5 Be6 24. Nd3 Rad8 25. Nf4 Bc8 26. Rfe1 Nh7 27. h4 Nf8
28. Nh5 Ne6 29. Qe2 Qc5 30. Bb2 Nd4 31. Qe3 Nc2 32. Qxc5 Bxc5 33. Rf1 Nd4 34.
Nf4 Bg4 35. Rc1 Bb6 36. Kh1 g5 37. hxg5 hxg5 38. Nh3 Nf3 39. Bf6 Rd6 40. e5
Nxe5 41. Bxg5 Be2 42. Rg1 Nd3 43. Rc3 Bd4 44. Rc2 Nxf2+ 45. Nxf2 Bxf2 46. Bf4
Rf6 47. Rgc1 Kg7 48. Bh3 Bf3+ 49. Kh2 Bd4 50. Rf1 Bd5 51. Bg5 Rxf1 52. Bxf1
Rh8+ 53. Bh3 Be5 54. Re2 f6 0-1

[Event "BL 1819 USV TU Dresden - SV Werder Brem"]
[Site "?"]
[Date "2018.12.15"]
[Round "5.6"]
[White "Boensch, Uwe"]
[Black "Babula, Vlastimil"]
[Result "0-1"]
[WhiteElo "2547"]
[BlackElo "2541"]
[PlyCount "58"]
[EventDate "2018.??.??"]

1. d4 Nf6 2. c4 e6 3. Nf3 b6 4. g3 Ba6 5. Nbd2 d5 6. cxd5 exd5 7. Qa4+ Qd7 8.
Qxd7+ Nbxd7 9. e3 Bxf1 10. Kxf1 a5 11. a4 Bb4 12. b3 Ne4 13. Ke2 f5 14. Ba3
Nxd2 15. Nxd2 Bxd2 16. Kxd2 Nf6 17. b4 Ne4+ 18. Ke1 axb4 19. Bxb4 Kd7 20. Ke2
c5 21. dxc5 bxc5 22. Bd2 Rhb8 23. Ra2 c4 24. Rha1 Kc6 25. Be1 Rb3 26. a5 Ra6
27. Rd1 g5 28. Kf3 Kc5 29. g4 f4 0-1

[Event "BL 1819 USV TU Dresden - SV Werder Brem"]
[Site "?"]
[Date "2018.12.15"]
[Round "5.7"]
[White "Fish, Gennadij"]
[Black "Tischbierek, Raj"]
[Result "0-1"]
[WhiteElo "2457"]
[BlackElo "2432"]
[PlyCount "100"]
[EventDate "2018.??.??"]

1. d4 d5 2. c4 c6 3. Nf3 Nf6 4. Qc2 g6 5. e3 Bg7 6. Bd3 O-O 7. O-O c5 8. cxd5
cxd4 9. e4 e6 10. Bg5 h6 11. Bxf6 Qxf6 12. Nbd2 exd5 13. exd5 Na6 14. Rac1 Nb4
15. Qb3 Nxd3 16. Qxd3 Bf5 17. Qb3 Qb6 18. a3 d3 19. Qxb6 axb6 20. Rc7 Bxb2 21.
h3 Bxa3 22. g4 Bc8 23. Rc3 h5 24. Rxd3 hxg4 25. Ra1 gxf3 26. Raxa3 Rxa3 27.
Rxa3 Bxh3 28. Rxf3 Bf5 29. Rb3 Rd8 30. Rb5 Kg7 31. f3 Rd7 32. Kf2 Be6 33. dxe6
Rxd2+ 34. Ke3 Rd6 35. exf7 Kxf7 36. Ke4 Ke7 37. Rb1 Kd7 38. Ke5 Re6+ 39. Kd5
Rf6 40. Rg1 Rd6+ 41. Kc4 Ke7 42. Rg5 Rf6 43. Kd5 b5 44. Ke4 Rb6 45. Kd3 Kf6 46.
Rg4 b4 47. Kc2 Kf5 48. Kb3 g5 49. Rg3 Rh6 50. Kxb4 Rh5 0-1

[Event "BL 1819 USV TU Dresden - SV Werder Brem"]
[Site "?"]
[Date "2018.12.15"]
[Round "5.8"]
[White "Gauglitz, Gernot"]
[Black "Joachim, Sven"]
[Result "1-0"]
[WhiteElo "2387"]
[BlackElo "2392"]
[PlyCount "79"]
[EventDate "2018.??.??"]

1. d4 Nf6 2. Nf3 g6 3. g3 Bg7 4. Bg2 d5 5. O-O O-O 6. b3 c5 7. e3 Nc6 8. Bb2
Ne4 9. Nbd2 Bf5 10. Ne5 Rc8 11. Nxc6 Rxc6 12. c4 cxd4 13. exd4 Rd6 14. cxd5
Nxd2 15. Qxd2 Rxd5 16. Bxd5 Qxd5 17. f4 Rd8 18. Rfe1 e5 19. fxe5 Bxe5 20. Qf2
Bg7 21. Rad1 Be4 22. Rc1 b6 23. Rc7 f5 24. Rxa7 Rc8 25. Re2 Bf6 26. h4 Rf8 27.
Qe3 Bg7 28. Kh2 Rc8 29. Qg5 Re8 30. h5 Re6 31. h6 Bf6 32. Qf4 Bd8 33. Kg1 g5
34. Rg7+ Kf8 35. Rxg5 Bxg5 36. Qxg5 Rg6 37. Qf4 Kf7 38. Qc7+ Kf6 39. Qxb6+ Kg5
40. Qc7 1-0

[Event "BL 1819 SF Berlin - SV Mülheim Nord 19"]
[Site "?"]
[Date "2018.12.15"]
[Round "5.1"]
[White "Navara, David"]
[Black "Piorun, Kacper"]
[Result "1-0"]
[WhiteElo "2736"]
[BlackElo "2634"]
[PlyCount "89"]
[EventDate "2018.??.??"]

1. d4 Nf6 2. c4 e6 3. Nf3 d5 4. Nc3 Bb4 5. Qa4+ Nc6 6. e3 O-O 7. Qc2 Re8 8. Bd2
Bf8 9. a3 e5 10. dxe5 Nxe5 11. cxd5 Nxf3+ 12. gxf3 Nxd5 13. Bd3 Nxc3 14. Bxc3
Qh4 15. O-O-O Be6 16. Rhg1 Rad8 17. Rg3 Bc4 18. Be4 Rxd1+ 19. Qxd1 Rd8 20. Qg1
Qh6 21. Kc2 b5 22. Bf5 Be2 23. b4 Rd1 24. Qg2 g6 25. f4 Qh5 26. Rg5 Qf3 27.
Qxf3 Bxf3 28. Be4 Rf1 29. Bxf3 Rxf2+ 30. Kd3 Rxf3 31. Rxb5 f5 32. Be5 Rh3 33.
Rb8 Rxh2 34. Bxc7 Kf7 35. Rb7 Ke6 36. Rxa7 Ra2 37. Kc4 h5 38. b5 Rc2+ 39. Kb3
Re2 40. b6 Bc5 41. Ra8 Rxe3+ 42. Kc4 Bxb6 43. Bxb6 Re4+ 44. Bd4 Rxf4 45. Ra6+
1-0

[Event "BL 1819 SF Berlin - SV Mülheim Nord 19"]
[Site "?"]
[Date "2018.12.15"]
[Round "5.2"]
[White "Moranda, Wojciech"]
[Black "Tregubov, Pavel V"]
[Result "0-1"]
[WhiteElo "2602"]
[BlackElo "2592"]
[PlyCount "50"]
[EventDate "2018.??.??"]

1. d4 Nf6 2. c4 e6 3. Nf3 d5 4. Nc3 Bb4 5. Qb3 c5 6. dxc5 Na6 7. a3 Bxc3+ 8.
Qxc3 Nxc5 9. cxd5 Qxd5 10. Be3 Nce4 11. Qb4 a5 12. Qd4 O-O 13. Ne5 a4 14. f3
Qa5+ 15. Qb4 Qxe5 16. fxe4 Bd7 17. g3 Bc6 18. Bg2 Bxe4 19. Bd4 Qh5 20. Bxe4
Nxe4 21. O-O e5 22. Qb5 Nd2 23. Rf4 Nb3 24. Raf1 Ra5 25. Rxf7 Qxf7 0-1

[Event "BL 1819 SF Berlin - SV Mülheim Nord 19"]
[Site "?"]
[Date "2018.12.15"]
[Round "5.3"]
[White "Fridman, Daniel"]
[Black "Schneider, Ilja"]
[Result "1-0"]
[WhiteElo "2633"]
[BlackElo "2507"]
[PlyCount "75"]
[EventDate "2018.??.??"]

1. Nf3 Nf6 2. d4 d5 3. c4 c6 4. Nc3 a6 5. cxd5 cxd5 6. Bf4 Nc6 7. Rc1 Ne4 8. e3
Nxc3 9. bxc3 Bf5 10. Bd3 Bxd3 11. Qxd3 e6 12. O-O Na5 13. Nd2 b5 14. a4 bxa4
15. e4 Bd6 16. Bxd6 Qxd6 17. exd5 Qxd5 18. c4 Qd7 19. Qa3 Nb3 20. Nxb3 axb3 21.
d5 b2 22. Rc2 Rd8 23. Rxb2 Qd6 24. Qa4+ Qd7 25. Qxa6 O-O 26. dxe6 Qxe6 27. Qxe6
fxe6 28. Rc1 Rc8 29. f3 Rfd8 30. Rb7 h6 31. c5 Rd5 32. c6 Kh7 33. Rc4 h5 34.
Re7 Rd6 35. c7 Kg6 36. Rf4 Kg5 37. Rff7 g6 38. h3 1-0

[Event "BL 1819 SF Berlin - SV Mülheim Nord 19"]
[Site "?"]
[Date "2018.12.15"]
[Round "5.4"]
[White "Sprenger, Jan Michael"]
[Black "Feygin, Michael"]
[Result "1/2-1/2"]
[WhiteElo "2496"]
[BlackElo "2491"]
[PlyCount "98"]
[EventDate "2018.??.??"]

1. e4 e6 2. d4 d5 3. Nc3 Nf6 4. Bg5 Bb4 5. Nge2 dxe4 6. a3 Be7 7. Bxf6 gxf6 8.
Nxe4 b6 9. g3 f5 10. N4c3 Bb7 11. d5 Nd7 12. Nf4 Nf6 13. Bg2 e5 14. Nh5 Qd7 15.
Bh3 Nxd5 16. Bxf5 Qd6 17. Ne4 Qc6 18. Qg4 Qh6 19. c4 Nf6 20. Nhxf6+ Bxf6 21.
Rd1 Kf8 22. O-O Rg8 23. Qe2 Be7 24. Rd3 Re8 25. Rfd1 Rg7 26. b4 a6 27. Kh1 Rg5
28. g4 Rg7 29. f3 Bg5 30. Rd7 Bf4 31. Rxc7 Ba8 32. Ra7 Qh4 33. c5 bxc5 34. bxc5
h5 35. Rxa8 Rxa8 36. c6 hxg4 37. fxg4 Qe7 38. Rd7 Qxa3 39. c7 Rg8 40. Nd6 Rh8
41. Rxf7+ Kg8 42. Rh7 Qc1+ 43. Kg2 Rxh7 44. Bxh7+ Kxh7 45. Qe4+ Kg7 46. Nf5+
Kf6 47. Qxa8 Qd2+ 48. Kf1 Qd1+ 49. Kf2 Qd2+ 1/2-1/2